| 000 | 00392nam a2200157Ia 4500 | ||
|---|---|---|---|
| 008 | 210716s2011 xx 000 0 und d | ||
| 020 | _a9788126526055 | ||
| 041 | _aeng | ||
| 082 | _a005.2764 SPAI | ||
| 100 | _aSpaanjaars, Imar. | ||
| 245 | _aBeginning ASP .NET 4 in C# and VB. | ||
| 250 | _a1 | ||
| 260 |
_aNew Delhi _bWiley India Pvt Ltd _c2011 |
||
| 300 | _axxxvi,803 | ||
| 650 | _aASP | ||
| 999 |
_c191941 _d191941 |
||